1245 1273 1046 1316 1746 1937 1883 1930 1918 1490 1500 1681 1641 1746 1725 1782 1878 1007 1102 1561 1707 1634 1018 1134 1163 1276 1939 1273 1534 1529 1837 1229 1366 1638 1560 1316 1697 1856 1514 1651 1615 1340 1885 1134 1633 1677 1974 1183 1143 1808 1019 1970 1074 1431 1815 1265 1010 1984 1218 1314 1781 1320 1898 1093 1324 1744 1025 1060 1539 1689 1575 1784 1559 1481 1884 1629 1786 1419 1452 1725 1414 1120 1182 1540 1672 1074 1182 1832 1625 1519 1107 1173 1096 1577 1105 1325 1771 1959 1625 BCNSPRNW ULIB Ver.6.0+V

เปลี่ยนเป็นภาษาไทย

Change to English
 แสดงรายละเอียดบรรณานุกรม
  กลับหน้าหลัก

Brief Record : Get Marc (ISO 2709) : E-mail record : QR code < ปิดหน้าต่าง
LEADER : 00000nam 2200000uu 4500
001    13399111662
003     ULIB
008    110704s2551||||th 000 0 tha d
020    974993122x
050  4 BQ4570^bว111ส 2551
100 0  ว.วชิรเมธี
245 10 สบตากับความตาย /^cว.วชิรเมธี
250    พิมพ์ครั้งที่ 16
260    กรุงเทพฯ :^bอมรินทร์,^c2551
300    196 หน้า :^bภาพประกอบ ;^c17 ซม.
440  0 ธรรมะในอากาศ ;^vลำดับที่ 1
650  7 ความตาย^xแง่ศาสนา^xพุทธศาสนา
650  7 การดำเนินชีวิต^xแง่ศาสนา^xพุทธศาสนา
650  7 ธรรมะกับชีวิตประจำวัน
945    ^p135^l0^i029168
945    ^p135^l0^i024855
995    ทศพร
999 ^a ใช้งานได้ทุกระบบ
รายการนี้ยังไม่มีแท็ก
คุณยังไม่ได้ล็อกอิน คุณสามารถมีกิจกรรมร่วมกับเว็บไซต์ได้ แต่ต้องล็อกอินก่อน ::
  ล็อกอิน

รายการสื่อสารสนเทศ

ลำดับที่ ประเภท เลขเรียก/บาร์โค้ด สถานที่ สถานะ
- ไม่พบข้อมูล -

รายการใกล้เคียง
    ผู้แต่ง [ว.วชิรเมธี]

    หัวเรื่อง [ธรรมะกับชีวิตประจำวัน]

BibComment


ยังไม่เคยถูกคอมเมนท์

คอมเมนท์ทรัพยากรรายการนี้
  คอมเมนท์: สบตากับความตาย ว..


 Copyright 2026. Bcnsprnw @Library